Statistics for Three Most Common English Words A-Z

Click here to take the quiz!

General Stats

  • This quiz has been taken 1,204 times
  • The average score is 31 of 76

Answer Stats

LetterRankWord% Correct
I2I
91%
A1And
90%
B1Be
90%
N2No
89%
D1Do
86%
H2He
86%
T1The
82%
G3Go
81%
Y1You
79%
C2Can
78%
O2On
77%
I1In
76%
M2Me
75%
F1For
72%
T2To
71%
I3It
67%
M1My
66%
S1She
66%
N1Not
65%
O1Of
65%
A2As
63%
B3But
60%
S2So
60%
Y2Your
60%
A3At
59%
C1Could
58%
H1His
57%
U3Us
53%
O3Or
52%
U1Up
51%
B2By
50%
T3That
49%
F2From
48%
J1Just
48%
D2Did
47%
L1Like
46%
W1Was
42%
E2Every
35%
H3Had
33%
Q3Quiet
32%
W2With
32%
G2Good
31%
K1Know
31%
Q1Quite
31%
V1Very
31%
M3More
30%
E1Even
28%
N3Now
28%
R1Right
27%
D3Down
22%
W3Which
21%
S3Said
20%
Q2Question
19%
G1Great
16%
P1People
16%
K2King
14%
K3Knew
14%
Y3Young
14%
F3First
13%
Z3Zone
13%
V3View
12%
L3Life
11%
P2Place
11%
C3Came
10%
P3Part
10%
J2Joy
9%
L2Little
8%
U2Upon
7%
X1Xi
7%
Z1Zeal
7%
V2Voice
6%
R3Rather
4%
R2Room
4%
E3Eyes
3%
J3Justice
3%
Z2Zealous
2%

Score Distribution

Percentile by Number Answered

Percent of People with Each Score

Your Score History

You have not taken this quiz